000 00706nam a2200157Ia 4500
008 100204s9999 xx 000 0 und d
082 _b27704
100 _aपार्डीकर प्रभा
245 _aचित्रकुट आणि चित्रकुटचे शिल्पकार नानाजी देशमुख
250 _a0
260 _c2007
300 _a56
630 _aचित्रकुट आणि चित्रकुटचे शिल्पकार नानाजी देशमुख
730 _aचित्रकुट आणि चित्रकुटचे शिल्पकार नानाजी देशमुख
942 _cBOOK
999 _c472884
_d472881